03356nam a22003137a 45000010005000000030006000050050017000110080041000280200018000690400032000870820008001191000014001272450559001412600034007003000048007344900041007825050008008235201328008315200500021595210028026595210019026876500122027066500065028287000027028937000027029207000032029477000033029797000030030121722FISKH20231003161308.0230920b cb ||||| |||| 00| 0 khr d a9789924340997 aFISKH bengcFISKH dFISKH  a902 aYeong, Ye a100 ហេតុការណ៍នៃប្រវត្តិសាស្រ្តពិភពលោក / bពីកំណើតមនុស្សរហូតដល់ការដួលរលំរបស់ចក្រភពរ៉ូម : cនិពន្ធដោយ យេ យ៉ង, ស៊ីន ជេហ្វាន់ និង ឆាន់ ដុងហូ - គូររូបដោយ ស៊ីន ជេហ្វាន់ និង ឆង់ ដុហូ - បកប្រែពីភាសាកូរ៉េដោយ ទូច វណ្ដា aPhnom Penh : bSipar, c2020. a131 pages : bcolor illustrations ; c23 cm aខ្ញុំចង់ដឹងv1 aZ'  aនៅក្នុងសៀវភៅទីមួយនៃរូបភាពថ្លុកកំប្លែងស៊េរីនេះ អ្នកអាននឹងត្រូវបានដឹកជញ្ជូនតាមពេលវេលា ដើម្បីធ្វើជាសាក្សីនៃការចាប់ផ្តើមរបស់មនុស្ស និងរបៀបដែលពួកគេរស់នៅ ស្គាល់ប្រភពដើមនៃអរិយធម៌បុរាណនៃពិភពលោក ស្គាល់ជាមួយនឹងអក្សរឆ្អឹង Oracle ទំនៀមទម្លាប់ និងប្រពៃណីរបស់ មជ្ឈិមបូព៌ា ឥណ្ឌា និងចិន ព្រមទាំងការកើនឡើង និងការដួលរលំនៃបាប៊ីឡូន អាថែន និងរ៉ូម។ ក្នុងពេលជាមួយគ្នានោះ អ្នកនឹងបានជួបជាមួយឥស្សរជនប្រវត្តិសាស្ត្រល្បីៗដូចជា សូក្រាត ព្រះពុទ្ធ ខុងជឺ អាឡិចសាន់ឌឺ ជូលីស សេសារ និងជាច្រើនទៀត។ aIn the first book of the series, readers will be transported through time to witness the beginning of human beings and how they lived, get to know the origin of the ancient civilizations of the world, become familiar with the Oracle bone script, customs and traditions of the Middle East, India and China as well as the rise and fall of Babylon, Athens and Rome. At the same time, you will meet famous history figures such as Socrates, Buddha, Confucius, Alexander, Julius Caesar and many more. 8 a1060 bLexile estimate 8 aZ' bRaz-Plus  aកំណើតមនុស្ស vអរិយធម៍ xប្រពៃណី yមជ្ឈិមបូព៌ា aThe birth of human vCivilization xTradition yMiddle East  aJae-hwan, shineAuthor aDong-ho, JeongeAuthor aJae-hwan, shineillustrator aDong-ho, Jeong eillustrator aVanda, ToucheTranslator